Problems of scientific and industrial research, (Record no. 15686)
[ view plain ]
| 000 -LEADER | |
|---|---|
| fixed length control field | 01549cam a2200421I 4500 |
| 001 - CONTROL NUMBER | |
| control field | 15686 |
| 003 - CONTROL NUMBER IDENTIFIER | |
| rucl marc code | BD-RjUL |
| 005 - DATE AND TIME OF LATEST TRANSACTION | |
| control field | 20211208235852.0 |
| 008 - FIXED-LENGTH DATA ELEMENTS--GENERAL INFORMATION | |
| fixed length control field | 830920s1944 enk 000 0 eng |
| 035 ## - SYSTEM CONTROL NUMBER | |
| System control number | (BD-RjUL)15741 |
| 040 ## - CATALOGING SOURCE | |
| Original cataloging agency | DLC |
| Transcribing agency | LYU |
| Modifying agency | OCLCQ |
| -- | MYG |
| Language of cataloging | eng |
| 041 ## - LANGUAGE CODE | |
| Language code of text/sound track or separate title | eng |
| 049 ## - LOCAL HOLDINGS (OCLC) | |
| Holding library | MYGG |
| 082 ## - DEWEY DECIMAL CLASSIFICATION NUMBER | |
| Classification number | 658.57 |
| Edition number | NUP 1944 |
| 090 ## - LOCALLY ASSIGNED LC-TYPE CALL NUMBER (OCLC); LOCAL CALL NUMBER (OCLC) | |
| Classification number (OCLC) (R) ; Classification number, CALL (RLIN) (NR) | T177.G709x 1944 |
| 110 2# - MAIN ENTRY--CORPORATE NAME | |
| Corporate name or jurisdiction name as entry element | Nuffield College. |
| 9 (RLIN) | 239225 |
| 245 10 - TITLE STATEMENT | |
| Title | Problems of scientific and industrial research, |
| Remainder of title | a statement./ |
| Statement of responsibility, etc. | Nuffield College. |
| 260 ## - PUBLICATION, DISTRIBUTION, ETC. (IMPRINT) | |
| Place of publication, distribution, etc. | London : |
| Name of publisher, distributor, etc. | Oxford university press, H. Milford , |
| Date of publication, distribution, etc. | [1944] |
| 300 ## - PHYSICAL DESCRIPTION | |
| Pagination | 63, [1] p.; |
| Size | 19 cm. |
| 336 ## - CONTENT TYPE | |
| Content type term | text |
| Content type code | txt |
| Source | rdacontent |
| 337 ## - MEDIA TYPE | |
| Media type term | unmediated |
| Media type code | n |
| Source | rdamedia |
| 338 ## - CARRIER TYPE | |
| Carrier type term | volume |
| Carrier type code | nc |
| Source | rdacarrier |
| 500 ## - GENERAL NOTE | |
| General note | At head of title: Nuffield college. |
| General note | "The statement ... is the outcome of two private conferences held under the auspices of Nuffield college in January and April 1944, and embodies the broad conclusions reached."--p. [3] |
| 650 #0 - SUBJECT ADDED ENTRY--TOPICAL TERM | |
| Topical term or geographic name as entry element | Research, Industrial. |
| 9 (RLIN) | 239226 |
| Topical term or geographic name as entry element | Research. |
| 9 (RLIN) | 239227 |
| 910 ## - USER-OPTION DATA (OCLC) | |
| User-option data | OCLCTechPro DDC Recon |
| User-option data | OCLCTechPro DDC Recon |
| User-option data | MARCIVEAUT |
| 942 ## - ADDED ENTRY ELEMENTS (KOHA) | |
| Source of classification or shelving scheme | Dewey Decimal Classification |
| Koha item type | Books |
| 946 ## - LOCAL PROCESSING INFORMATION (OCLC) | |
| a | t |
| 949 #0 - LOCAL PROCESSING INFORMATION (OCLC) | |
| a | c |
| b | RSC |
| c | HDC |
| o | 0 |
| p | 39080025521243 |
| x | 15 |
| y | HDC ITEM |
| h | T177.G709x 1944 |
| Lost status | Source of classification or shelving scheme | Damaged status | Not for loan | Permanent Location | Current Location | Shelving location | Date acquired | Source of acquisition | Cost, normal purchase price | Total Checkouts | Full call number | Date last seen | Copy number | Koha item type |
|---|---|---|---|---|---|---|---|---|---|---|---|---|---|---|
| Dewey Decimal Classification | Not For Loan | Central Library, University of Rajshahi | Central Library, University of Rajshahi | 25/07/1955 | O. U. P. | 1.00 | 658.57 NUP 1944 | 11/02/2020 | C-1 | Books |